000 01230nam a2200313 i 4500
001 bg
100 1 _aBiałynicki-Birula, Iwo
_d(1933- ).
245 1 0 _aModelowanie rzeczywistości :
_bjak w komputerze przegląda się świat /
_cIwo Białynicki-Birula, Iwona Białynicka-Birula ; z ang. przeł. Zofia Białynicka-Birula.
246 1 _iTyt. oryg.:
_aModeling reality :
_bhow computers mirror life
260 _aWarszawa :
_bWydawnictwa Naukowo-Techniczne,
_c2007.
300 _a191 s. :
_bil. ;
_c25 cm +
_edysk optyczny (CD-ROM).
504 _aBibliogr. s. 186-187. Indeks.
650 9 _aModele matematyczne
650 9 _aSymulacja
655 _aWydawnictwa popularne
700 1 _aBiałynicka-Birula, Iwona.
700 1 _aBiałynicka-Birula, Zofia
_d(1933- ).
_eTł.
015 _aPB 5850/2007
020 _a9788320432664
040 _cBPK
041 1 _apol
_heng
044 _aPOL
080 _a519.876.5:004.94
920 _a978-83-204-3266-4 :
_czł 35
942 _cKS
008 070226s2007 pl a |001 0 pol
856 _uhttp://koha.tu.koszalin.pl/cgi-bin/koha/opac-detail.pl?biblionumber=54526
_yKatalog online BPK
999 _c54526
_d54526